| 000 | 00697nam a22002057a 4500 | ||
|---|---|---|---|
| 005 | 20240813113341.0 | ||
| 010 | _aENG-128677 ENG-141323 | ||
| 020 |
_a978-93-89807-95-0 _c160.00 |
||
| 020 |
_a9789354980084 _c495.00 |
||
| 035 | _aEN-112209 | ||
| 035 | _aEN-124855 | ||
| 037 | _bDBAD | ||
| 082 | _a808.5 | ||
| 100 |
_aCarnegie, Dale _969899 |
||
| 245 |
_aThe Quick and Easy Way to Effective Speaking/ _cBy Dale Carnegie |
||
| 260 |
_aNew Delhi _bDiamond Pocket Boks (P) Ltd. _c2020 |
||
| 270 |
_bNew Delhi _e110020 _aX-30, Okhla Industrial Area, Phase-II _msales@dpb.in _k011-40712100, 41611861 _l011-41611866 |
||
| 300 |
_a187p. _c22cm(pbk) _b. |
||
| 942 |
_2ddc _cEN _h808.5 _mCAR |
||
| 999 |
_c176358 _d176358 |
||